00425nam a22001457a 450000500170000000800410001702000150005804100130007308200150008610000280010124500450012926000480017430000320022265000250025420231109130320.0231109b |||||||| |||| 00| 0 eng d a0702115738 aEnglish  a346.2 CHR  aChristie, RH lEnglish  aBusiness Law in Zimbabwe /cRH Christie  aCape Town : bJuta and Company Ltd, c1985  blvii, 575 pages ; c26 cm.  aLegal practice bLaw